Normal view
MARC view
- Arora,S.L.
Entry Personal Name
001 - CONTROL NUMBER
- control field: 5655
003 - CONTROL NUMBER IDENTIFIER
- control field: OSt
005 - DATE AND TIME OF LATEST TRANSACTION
- control field: 20180131091010.0
008 - FIXED-LENGTH DATA ELEMENTS
- fixed length control field: 180131|| aca||aabn | a|a d
040 ## - CATALOGING SOURCE
- Original cataloging agency: OSt
- Transcribing agency: OSt
100 ## - HEADING--PERSONAL NAME
- Personal name: Arora,S.L.
670 ## - SOURCE DATA FOUND
- Source citation: Work cat.: (OSt): Arora,S.L., New Simplified Physics-XII, 2013